Free-floating subdivisions : An Alphabetical index

Saved in:
Bibliographic Details
Format: Book
Language:Undetermined
Published: Washington LCCDS 1995
Subjects:
Tags: Add Tag
No Tags, Be the first to tag this record!
Institutions: Trung tâm Học liệu Trường Đại học Cần Thơ
LEADER 00477nam a2200181Ia 4500
001 CTU_15487
008 210402s9999 xx 000 0 und d
020 |c 107.5 
082 |a 025 
082 |b F853 
245 0 |a Free-floating subdivisions : 
245 3 |b An Alphabetical index 
260 |a Washington 
260 |b LCCDS 
260 |c 1995 
650 |a Libraries 
904 |i Nguyễn Quang Điền, 970408 
980 |a Trung tâm Học liệu Trường Đại học Cần Thơ